[Event "NOR-chT north 0304"]
[Site "Norway"]
[Date "2004.03.07"]
[Round "5.6"]
[White "Undeland, Tor Magne"]
[Black "Gatland, Erling"]
[Result "0-1"]
[WhiteElo "1432"]
[BlackElo "1615"]
[PlyCount "80"]
[EventDate "2004.01.??"]
[EventType "team"]
[EventRounds "5"]
[EventCountry "NOR"]
[SourceTitle "EXT 2006"]
[Source "ChessBase"]
[SourceDate "2005.11.24"]
[SourceVersion "1"]
[SourceVersionDate "2005.11.24"]
[SourceQuality "1"]

1. e4 e6 2. d4 b6 3. Nc3 Bb7 4. Nf3 Bb4 5. Bd3 Nf6 6. Qe2 d5 7. e5 Ne4 8. Bd2 Nxd2 9. Qxd2 Nd7 10. 0-0 0-0 11. a3 Be7 12. Qf4 c5 13. Be2 a6 14. h4 f6 15. Qg4 f5 16. Qg3 cxd4 17. Nxd4 Bxh4 18. Qh3 Qe7 19. f4 Qc5 20. Qe3 Bd8 21. b4 Qe7 22. Bd3 b5 23. Nce2 Nb6 24. Qh3 Nc4 25. Bxc4 dxc4 26. c3 Bb6 27. Kh2 Rad8 28. Rh1 g6 29. Kg3 Bd5 30. a4 Ra8 31. axb5 axb5 32. Nxb5 h5 33. Kh2 Kg7 34. Ned4 Qd7 35. Nd6 Bxd4 36. cxd4 Ra4 37. Qc3 Rfa8 38. Rhb1 Qd8 39. b5 Qh4+ 40. Kg1 Qg4 0-1